Statistiken für 4 Länder mit ähnlichen Flaggen #1

Klicken Sie hier um das Quiz zu spielen!

Allgemein

  • Dieses Quiz wurde 64 mal gespielt
  • Das Durchschnittsergebnis liegt bei 12 aus 16

Antwortstatistiken

Antwort% Korrekt
Dänemark
98%
Finnland
98%
Norwegen
98%
Island
97%
Argentinien
93%
Rumänien
88%
Andorra
80%
Moldawien
80%
Honduras
77%
D.R. Kongo
73%
El Salvador
63%
Namibia
62%
Nicaragua
62%
Tansania
62%
Tschad
62%
St. Kitts und Nevis
28%

Verteilung der Resultate

Perzentil nach korrekt beantworteten Fragen

Anzahl Personen mit jedem Resultat

Ihre Resultats-Entwicklung

Sie haben dieses Quiz noch nicht gespielt